| 000 | 00613nam a22001697a 4500 | ||
|---|---|---|---|
| 020 | _qHard Cover. | ||
| 082 | _a200 | ||
| 100 | _aAbbas, Asghar | ||
| 245 |
_aQuality assessment of Lead acid battery formed panels using Image Processing Technique/. _cAsghar Abbas. |
||
| 260 |
_aKarachi : _bPNEC - NUST, _c2016. |
||
| 300 |
_a95 p. : ill. ; _c30cm. |
||
| 650 |
_aMS-Industrial & Manufacturing Engineering _9127273 |
||
| 700 |
_aSupervisor. Sohaib Zia Khan. _9127274 |
||
| 856 | _uhttp://10.250.8.41:8080/xmlui/handle/123456789/22438 | ||
| 942 |
_2ddc _cSC |
||
| 999 |
_c535460 _d535460 |
||